000 00594nam a2200205 a 4500
001 20616
003 CO-ViMGA
008 141112s2004 ck r 000 u spa d
020 _a8420531804
040 _aCO-ViMGA
_bspa
_cCO-ViMGA
082 0 4 _a514 M854t
100 1 _aMunkres, James R.
_929861
245 1 0 _aTopología
250 _a2
260 _aMadrid :
_bPearson,
_c2002
300 _a607p
590 _aForma de adquisición : Compra fact.0531 - - Precio : 84600 - - Proveedor : Temas y libros - - Fecha de adquisición : Abril 2006
650 1 4 _aTOPOLOGÍA
_929862
942 _2ddc
_cBK
999 _c29609
_d29609